[Event "Stuttgart-chB int"]
[Site "Ditzingen"]
[Date "2016.05.08"]
[Round "7"]
[White "Dallinger, Moritz"]
[Black "Sinner, Victor"]
[Result "0-1"]
[WhiteElo "1570"]
[BlackElo "1533"]
[PlyCount "106"]
[EventDate "2016.05.05"]
[EventType "swiss"]
[EventRounds "7"]
[EventCountry "GER"]
[SourceTitle "EXT 2018"]
[Source "ChessBase"]
[SourceDate "2017.10.13"]
[SourceVersion "1"]
[SourceVersionDate "2017.10.13"]
[SourceQuality "1"]

1. e4 c6 2. d4 d5 3. Nc3 dxe4 4. Nxe4 Nd7 5. Bd3 Ngf6 6. c3 Nxe4 7. Bxe4 Nf6 8. Bf3 Bf5 9. Ne2 e6 10. Ng3 Bg6 11. 0-0 Be7 12. Re1 0-0 13. Nh5 Nxh5 14. Bxh5 Bxh5 15. Qxh5 Bf6 16. Bf4 Qd5 17. Be5 Qd8 18. Re3 Qe7 19. Rh3 h6 20. Rg3 Kh7 21. Bf4 Rh8 22. Re1 Rad8 23. Be5 Bxe5 24. Qxe5 Rhg8 25. Ree3 Rd5 26. Qe4+ g6 27. Qf3 Rgd8 28. h4 c5 29. dxc5 Rd1+ 30. Kh2 Ra1 31. h5 Rdd1 32. hxg6+ fxg6 33. Rg4 h5 34. Rb4 Rh1+ 35. Kg3 Qg5+ 36. Rg4 Qxg4+ 37. Qxg4 hxg4 38. Rxe6 Rhe1 39. Rd6 Rad1 40. Rf6 Kg7 41. Rf4 Re2 42. Rb4 Rd7 43. f3 gxf3 44. Kxf3 Re6 45. Kf4 b6 46. Rb5 Rf7+ 47. Kg4 Re5 48. Rb4 Rxc5 49. Rd4 a5 50. Rd6 Rf6 51. Rd7+ Kh6 52. Rd2 Rf1 53. Re2 Rg5+ 0-1